Razrabotka problematiky associativnych polej v Rossijskoj lingvistike

Analýza podstaty asociatívných pojmov, noriem a vydávanie asociatívnych slovníkov ruských jazykovedcov.

Saved in:
Bibliographic Details
Main Author: Dulebová, Irina
Other Authors: Dziváková, Michaela, 1979-
Format: Book Chapter
Language:Russian
Subjects:
Tags: Add Tag
No Tags, Be the first to tag this record!

MARC

LEADER 00000naa a2200000 4500
001 0174821
005 20240502073000.2
041 0 |a rus 
044 |a SK 
245 1 0 |a Razrabotka problematiky associativnych polej v Rossijskoj lingvistike  |c Irina Dulebová, Michaela Dziváková 
520 |a Analýza podstaty asociatívných pojmov, noriem a vydávanie asociatívnych slovníkov ruských jazykovedcov. 
610 2 0 |a jazyky cudzie 
610 2 0 |a ruština 
610 2 0 |a jazykoveda 
100 1 |a Dulebová, Irina 
700 1 |a Dziváková, Michaela, 1979-